Tras la huella de los árabes en Chile: una historia de esfuerzo e integración
Saved in:
| Main Authors: | , , |
|---|---|
| 格式: | 圖書 |
| 語言: | 西班牙语 |
| 出版: |
Santiago, Chile
Instituto Democracia y Mercado
2010
|
| 主題: | |
| 標簽: |
添加標簽
沒有標簽, 成為第一個標記此記錄!
|
MARC
| LEADER | 00000cam a2200000 a 4500 | ||
|---|---|---|---|
| 001 | UCG9865 | ||
| 003 | CL-VaPUC | ||
| 005 | 20250108102936.0 | ||
| 008 | 120412e20101100CL |||||||||||||||||spa|d | ||
| 999 | |c 347393 |d 347391 | ||
| 020 | |a 9789568848125 | ||
| 040 | |c Pontificia Universidad Católica de Valparaíso | ||
| 082 | 0 | 4 | |a 325.222 ARA 2010 |2 21 |
| 100 | 0 | |a Arancibia Clavel, Patricia |e author |9 561587 | |
| 245 | 1 | 0 | |a Tras la huella de los árabes en Chile: |b una historia de esfuerzo e integración |
| 260 | |a Santiago, Chile |b Instituto Democracia y Mercado |c 2010 | ||
| 300 | |a 243 páginas | ||
| 583 | |a last modification |c 20120412 10:24:00 |k Rodrigo Vera | ||
| 650 | 0 | |a Emigración e inmigración |z CHILE |9 257711 | |
| 650 | 0 | |a Palestinos |z CHILE |9 389415 | |
| 650 | 0 | |a Árabes |z CHILE |9 316264 | |
| 700 | 0 | |a Arancibia Clavel, Roberto |e author |9 561588 | |
| 700 | |a Jara Hinojosa, Isabel |e author |9 561589 | ||
| 852 | |a BIBCUR | ||
| 942 | |c BK |2 ddc | ||
| 945 | |d 20120412 00:00:00 |a dcastane | ||
| 952 | |0 0 |1 0 |2 ddc |4 0 |6 325_222000000000000_ARA_2010 |7 0 |8 A |9 448695 |a BIBHIS |b BIBHIS |d 2019-11-22 |i 4854349 |l 2 |m 2 |o 325.222 ARA 2010 |p 4854349 |r 2025-01-20 |s 2022-11-03 |t 1 |w 2019-11-22 |y BK |k HIS | ||